00241 a2200109 4500000002500000020001800025100002000043245004000063250000600103260001400109264000800123 nam a22 7a 4500 a9780367270223 aSchroll,Craig R aIndustrial Fire Protection Handbook a2 bCRCc2022 bCRC